[Event "Stay Safe Play From Home 407"]
[Site "Emanuel Lasker Arena"]
[Date "2020.08.24"]
[Round "1"]
[White "Mepe_Nika"]
[Black "Greblah"]
[Result "1-0"]
[WhiteElo "2362"]
[BlackElo "1969"]
[PlyCount "121"]
[EventDate "2020.08.24"]
[EventType "swiss (blitz)"]

1. Nf3 {[%emt 0:00:03]} c6 {[%emt 0:00:00]} 2. c4 {[%emt 0:00:04]} d5 {[%emt 0:00:00]} 3. d4 {[%emt 0:00:01]} Nf6 {[%emt 0:00:01]} 4. Nc3 {[%emt 0:00:01]} e6 {[%emt 0:00:01]} 5. e3 {[%emt 0:00:03]} Be7 {[%emt 0:00:01]} 6. Bd3 {[%emt 0:00:05]} O-O {[%emt 0:00:00]} 7. O-O {[%emt 0:00:07]} dxc4 {[%emt 0:00:00]} 8. Bxc4 {[%emt 0:00:01]} b5 {[%emt 0:00:00]} 9. Bb3 {[%emt 0:00:01]} b4 {[%emt 0:00:01]} 10. Na4 {[%emt 0:00:02]} a5 {[%emt 0:00:01]} 11. Ne5 {[%emt 0:00:05]} Ba6 {[%emt 0:00:01]} 12. Re1 {[%emt 0:00:02]} Bb5 {[%emt 0:00:01]} 13. Qf3 {[%emt 0:00:05]} Ra6 {[%emt 0:00:07]} 14. Bd2 {[%emt 0:00:11]} Nbd7 {[%emt 0:00:02]} 15. Nxd7 {[%emt 0:00:22]} Qxd7 {[%emt 0:00:01]} 16. Rac1 {[%emt 0:00:01]} Rc8 {[%emt 0:00:08]} 17. Nc5 {[%emt 0:00:01]} Bxc5 {[%emt 0:00:04]} 18. Rxc5 {[%emt 0:00:00]} a4 {[%emt 0:00:11]} 19. Bc2 {[%emt 0:00:01]} a3 {[%emt 0:00:01]} 20. b3 {[%emt 0:00:03]} Nd5 {[%emt 0:00:04]} 21. e4 {[%emt 0:00:06]} Nb6 {[%emt 0:00:11]} 22. Rh5 {[%emt 0:00:09]} g6 {[%emt 0:00:04]} 23. e5 {[%emt 0:00:08]} Qxd4 {[%emt 0:00:11]} 24. Bh6 {[%emt 0:00:04]} Nd5 {[%emt 0:00:15]} 25. Rg5 {[%emt 0:00:15]} Qc3 {[%emt 0:00:12]} 26. Qd1 {[%emt 0:00:21]} Raa8 {[%emt 0:00:18]} 27. h4 {[%emt 0:00:01]} Rd8 {[%emt 0:00:01]} 28. Qc1 {[%emt 0:00:03]} Bd3 {[%emt 0:00:04]} 29. Bxd3 {[%emt 0:00:02]} Qxd3 {[%emt 0:00:02]} 30. h5 {[%emt 0:00:01]} Nc3 {[%emt 0:00:04]} 31. hxg6 {[%emt 0:00:01]} hxg6 {[%emt 0:00:04]} 32. Qf4 {[%emt 0:00:04]} Nd5 {[%emt 0:00:25]} 33. Qh4 {[%emt 0:00:07]} Qd2 {[%emt 0:00:05]} 34. Rxg6+ {[%emt 0:00:01]} fxg6 {[%emt 0:00:02]} 35. Bxd2 {[%emt 0:00:00]} Nf4 {[%emt 0:00:02]} 36. Bxf4 {[%emt 0:00:02]} Rd4 {[%emt 0:00:01]} 37. Qf6 {[%emt 0:00:01]} Rxf4 {[%emt 0:00:01]} 38. Qxf4 {[%emt 0:00:01]} Rf8 {[%emt 0:00:00]} 39. Qxf8+ {[%emt 0:00:01]} Kxf8 {[%emt 0:00:01]} 40. Rd1 {[%emt 0:00:00]} Ke7 {[%emt 0:00:00]} 41. Rd6 {[%emt 0:00:01]} c5 {[%emt 0:00:00]} 42. Rc6 {[%emt 0:00:00]} c4 {[%emt 0:00:00]} 43. Rxc4 {[%emt 0:00:01]} Kd7 {[%emt 0:00:01]} 44. f4 {[%emt 0:00:01]} Ke7 {[%emt 0:00:00]} 45. Rxb4 {[%emt 0:00:01]} Kd7 {[%emt 0:00:00]} 46. Rc4 {[%emt 0:00:00]} Kd8 {[%emt 0:00:01]} 47. Rc6 {[%emt 0:00:01]} Kd7 {[%emt 0:00:00]} 48. Rd6+ {[%emt 0:00:00]} Ke7 {[%emt 0:00:01]} 49. b4 {[%emt 0:00:00]} Ke8 {[%emt 0:00:00]} 50. b5 {[%emt 0:00:00]} Ke7 {[%emt 0:00:00]} 51. b6 {[%emt 0:00:00]} Kf7 {[%emt 0:00:01]} 52. b7 {[%emt 0:00:00]} Kg7 {[%emt 0:00:00]} 53. b8=Q {[%emt 0:00:00]} g5 {[%emt 0:00:00]} 54. Qc7+ {[%emt 0:00:01]} Kg6 {[%emt 0:00:00]} 55. Rxe6+ {[%emt 0:00:01]} Kf5 {[%emt 0:00:00]} 56. Qf7+ {[%emt 0:00:01]} Ke4 {[%emt 0:00:00]} 57. fxg5 {[%emt 0:00:01]} Ke3 {[%emt 0:00:01]} 58. Qf3+ {[%emt 0:00:00]} Kd4 {[%emt 0:00:00]} 59. Rd6+ {[%emt 0:00:00]} Kc4 {[%emt 0:00:01]} 60. Rd5 {[%emt 0:00:01]} Kb4 {[%emt 0:00:02]} 61. Qb3# {[%emt 0:00:00] (Lag: Av=0.32s, max=0.5s) (Lag: Av=0.32s, max=0.5s) (Lag: Av=0.32s, max=0.5s)} 1-0

[Event "Stay Safe Play From Home 407"]
[Site "Emanuel Lasker Arena"]
[Date "2020.08.24"]
[Round "1"]
[White "Lucknow"]
[Black "Hickey"]
[Result "0-1"]
[WhiteElo "1974"]
[BlackElo "2154"]
[PlyCount "34"]
[EventDate "2020.08.24"]
[EventType "swiss (blitz)"]

1. d4 {[%emt 0:00:08]} Nf6 {[%emt 0:00:04]} 2. c4 {[%emt 0:00:01]} e6 {[%emt 0:00:03]} 3. Nf3 {[%emt 0:00:01]} b6 {[%emt 0:00:02]} 4. g3 {[%emt 0:00:02]} Ba6 {[%emt 0:00:02]} 5. b3 {[%emt 0:00:01]} Bb7 {[%emt 0:00:03]} 6. Bg2 {[%emt 0:00:02]} Bb4+ {[%emt 0:00:00]} 7. Bd2 {[%emt 0:00:01]} c5 {[%emt 0:00:01]} 8. dxc5 {[%emt 0:00:05]} Bxc5 {[%emt 0:00:05]} 9. O-O {[%emt 0:00:01]} O-O {[%emt 0:00:02]} 10. Bc3 {[%emt 0:00:02]} d5 {[%emt 0:00:05]} 11. cxd5 {[%emt 0:00:02]} Nxd5 {[%emt 0:00:00]} 12. Bb2 {[%emt 0:00:01]} Nc6 {[%emt 0:00:04]} 13. Nc3 {[%emt 0:00:01]} Nxc3 {[%emt 0:00:03]} 14. Bxc3 {[%emt 0:00:00]} Qe7 {[%emt 0:00:02]} 15. Qc2 {[%emt 0:00:14]} Rac8 {[%emt 0:00:05]} 16. Qb2 {[%emt 0:00:01]} f6 {[%emt 0:00:02]} 17. Rac1 {[%emt 0:00:03]} Ba3 {[%emt 0:00:01] Lucknow gibt auf Lucknow gibt auf Lucknow gibt auf (Lag: Av=0.69s, max=0.8s) (Lag: Av=0.69s, max=0.8s) (Lag: Av=0.69s, max=0.8s)} 0-1

[Event "Stay Safe Play From Home 407"]
[Site "Emanuel Lasker Arena"]
[Date "2020.08.24"]
[Round "1"]
[White "Lazieri3"]
[Black "Nguyen Hong Anh"]
[Result "1-0"]
[WhiteElo "1957"]
[BlackElo "2047"]
[PlyCount "82"]
[EventDate "2020.08.24"]
[EventType "swiss (blitz)"]

1. e4 {[%emt 0:00:01]} c5 {[%emt 0:00:02]} 2. Nc3 {[%emt 0:00:00]} Nc6 {[%emt 0:00:02]} 3. Nf3 {[%emt 0:00:06]} g6 {[%emt 0:00:02]} 4. d3 {[%emt 0:00:01]} Bg7 {[%emt 0:00:12]} 5. Be3 {[%emt 0:00:03]} d6 {[%emt 0:00:02]} 6. Qd2 {[%emt 0:00:01]} Rb8 {[%emt 0:00:29]} 7. a4 {[%emt 0:00:05]} a6 {[%emt 0:00:01]} 8. Be2 {[%emt 0:00:01]} b5 {[%emt 0:00:03]} 9. axb5 {[%emt 0:00:00]} axb5 {[%emt 0:00:01]} 10. d4 {[%emt 0:00:02]} cxd4 {[%emt 0:00:05]} 11. Nxd4 {[%emt 0:00:02]} Nxd4 {[%emt 0:00:01]} 12. Bxd4 {[%emt 0:00:00]} Nf6 {[%emt 0:00:07]} 13. Bxb5+ {[%emt 0:00:02]} Bd7 {[%emt 0:00:07]} 14. Bxd7+ {[%emt 0:00:06]} Qxd7 {[%emt 0:00:01]} 15. b3 {[%emt 0:00:01]} O-O {[%emt 0:00:04]} 16. O-O {[%emt 0:00:02]} Rfc8 {[%emt 0:00:03]} 17. Ra7 {[%emt 0:00:04]} Qe6 {[%emt 0:00:01]} 18. f3 {[%emt 0:00:03]} Rd8 {[%emt 0:00:31]} 19. Rfa1 {[%emt 0:00:06]} d5 {[%emt 0:00:19]} 20. exd5 {[%emt 0:00:08]} Nxd5 {[%emt 0:00:02]} 21. Bxg7 {[%emt 0:00:01]} Kxg7 {[%emt 0:00:11]} 22. Nxd5 {[%emt 0:00:11]} Rxd5 {[%emt 0:00:00]} 23. Qc3+ {[%emt 0:00:03]} f6 {[%emt 0:00:04]} 24. Re1 {[%emt 0:00:03]} Qb6+ {[%emt 0:00:02]} 25. Qe3 {[%emt 0:00:03]} Re5 {[%emt 0:00:01]} 26. Qxb6 {[%emt 0:00:27]} Rxe1+ {[%emt 0:00:00]} 27. Kf2 {[%emt 0:00:01]} Rf1+ {[%emt 0:00:02]} 28. Kxf1 {[%emt 0:00:02]} Rxb6 {[%emt 0:00:00]} 29. Rxe7+ {[%emt 0:00:02]} Kh6 {[%emt 0:00:00]} 30. Rc7 {[%emt 0:00:01]} f5 {[%emt 0:00:01]} 31. h4 {[%emt 0:00:04]} Rd6 {[%emt 0:00:02]} 32. b4 {[%emt 0:00:02]} Rd4 {[%emt 0:00:01]} 33. b5 {[%emt 0:00:01]} Rxh4 {[%emt 0:00:01]} 34. c4 {[%emt 0:00:01]} Rd4 {[%emt 0:00:01]} 35. b6 {[%emt 0:00:01]} Rd1+ {[%emt 0:00:01]} 36. Ke2 {[%emt 0:00:02]} Rb1 {[%emt 0:00:00]} 37. b7 {[%emt 0:00:01]} Kg5 {[%emt 0:00:01]} 38. c5 {[%emt 0:00:01]} Kf4 {[%emt 0:00:01]} 39. c6 {[%emt 0:00:01]} Kg3 {[%emt 0:00:00]} 40. Rc8 {[%emt 0:00:01]} Kxg2 {[%emt 0:00:03]} 41. b8=Q {[%emt 0:00:02]} Rb2+ {[%emt 0:00:00] Nguyen Hong Anh resigns Nguyen Hong Anh resigns Nguyen Hong Anh resigns (Lag: Av=1.14s, max=1.9s) (Lag: Av=1.14s, max=1.9s) (Lag: Av=1.14s, max=1.9s)} 1-0

[Event "Stay Safe Play From Home 407"]
[Site "Emanuel Lasker Arena"]
[Date "2020.08.24"]
[Round "1"]
[White "Padmaesh M K"]
[Black "Ionelluca"]
[Result "0-1"]
[WhiteElo "1837"]
[BlackElo "2010"]
[PlyCount "66"]
[EventDate "2020.08.24"]
[EventType "swiss (blitz)"]

1. Nf3 {[%emt 0:00:01]} Nf6 {[%emt 0:00:02]} 2. g3 {[%emt 0:00:01]} b6 {[%emt 0:00:01]} 3. Bg2 {[%emt 0:00:00]} Bb7 {[%emt 0:00:01]} 4. O-O {[%emt 0:00:00]} g6 {[%emt 0:00:01]} 5. c4 {[%emt 0:00:00]} Bg7 {[%emt 0:00:01]} 6. Nc3 {[%emt 0:00:00]} Ne4 {[%emt 0:00:01]} 7. Qc2 {[%emt 0:00:10]} Nxc3 {[%emt 0:00:01]} 8. bxc3 {[%emt 0:00:01]} f5 {[%emt 0:00:01]} 9. d4 {[%emt 0:00:03]} O-O {[%emt 0:00:04]} 10. Ba3 {[%emt 0:00:11]} Be4 {[%emt 0:00:02]} 11. Qb2 {[%emt 0:00:04]} Nc6 {[%emt 0:00:01]} 12. Nd2 {[%emt 0:00:05]} Bxg2 {[%emt 0:00:02]} 13. Kxg2 {[%emt 0:00:00]} Na5 {[%emt 0:00:03]} 14. c5 {[%emt 0:00:13]} f4 {[%emt 0:00:02]} 15. e4 {[%emt 0:00:16]} Rb8 {[%emt 0:00:05]} 16. Qb4 {[%emt 0:00:07]} Nc6 {[%emt 0:00:10]} 17. Qc4+ {[%emt 0:00:03]} Kh8 {[%emt 0:00:04]} 18. Rab1 {[%emt 0:00:10]} Qc8 {[%emt 0:00:11]} 19. cxb6 {[%emt 0:00:05]} axb6 {[%emt 0:00:05]} 20. Bb4 {[%emt 0:00:16]} b5 {[%emt 0:00:09]} 21. Qb3 {[%emt 0:00:03]} d6 {[%emt 0:00:13]} 22. Nf3 {[%emt 0:00:01]} Qd7 {[%emt 0:00:12]} 23. Rfe1 {[%emt 0:00:05]} fxg3 {[%emt 0:00:04]} 24. fxg3 {[%emt 0:00:03]} Rxf3 {[%emt 0:00:04]} 25. Kxf3 {[%emt 0:00:02]} Qh3 {[%emt 0:00:01]} 26. Qc2 {[%emt 0:00:06]} Rf8+ {[%emt 0:00:02]} 27. Ke3 {[%emt 0:00:01]} Bh6+ {[%emt 0:00:04]} 28. Kd3 {[%emt 0:00:02]} Rf3+ {[%emt 0:00:01]} 29. Ke2 {[%emt 0:00:09]} Rf2+ {[%emt 0:00:05]} 30. Kxf2 {[%emt 0:00:03]} Qxh2+ {[%emt 0:00:01]} 31. Kf1 {[%emt 0:00:01]} Qxc2 {[%emt 0:00:01]} 32. Rbc1 {[%emt 0:00:01]} Qd3+ {[%emt 0:00:01]} 33. Kg1 {[%emt 0:00:02]} Bxc1 {[%emt 0:00:02] Padmaesh M K resigns Padmaesh M K resigns Padmaesh M K resigns (Lag: Av=0.48s, max=0.6s) (Lag: Av=0.48s, max=0.6s) (Lag: Av=0.48s, max=0.6s)} 0-1

[Event "Stay Safe Play From Home 407"]
[Site "Emanuel Lasker Arena"]
[Date "2020.08.24"]
[Round "1"]
[White "Dukic"]
[Black "AgentsofShield"]
[Result "0-1"]
[WhiteElo "1829"]
[BlackElo "1868"]
[Annotator "NA"]
[PlyCount "46"]
[EventDate "2020.08.24"]
[EventType "swiss (blitz)"]

1. c4 {[%emt 0:00:04]} Nf6 {[%emt 0:00:02]} 2. Nc3 {[%emt 0:00:01]} g6 {[%emt 0:00:03]} 3. Nf3 {[%emt 0:00:01]} d6 {[%emt 0:00:03]} 4. g3 {[%emt 0:00:01]} Bg7 {[%emt 0:00:00]} 5. Bg2 {[%emt 0:00:01]} O-O {[%emt 0:00:04]} 6. d4 {[%emt 0:00:01]} Nc6 {[%emt 0:00:00]} 7. O-O {[%emt 0:00:01]} a6 {[%emt 0:00:05]} 8. h3 {[%emt 0:00:03]} Bd7 {[%emt 0:00:02]} 9. Be3 {[%emt 0:00:02]} Na5 {[%emt 0:00:04]} 10. b3 {[%emt 0:00:02]} b5 {[%emt 0:00:01]} 11. cxb5 {[%emt 0:00:10]} axb5 {[%emt 0:00:00]} 12. Rc1 {[%emt 0:00:02]} b4 {[%emt 0:00:01]} 13. Nb1 {[%emt 0:00:03]} c6 {[%emt 0:00:05]} 14. Nbd2 {[%emt 0:00:07]} Nd5 {[%emt 0:00:05]} 15. Ng5 {[%emt 0:00:39]} Nb7 {[%emt 0:00:12]} 16. Rc2 {[%emt 0:00:04]} h6 {[%emt 0:00:06]} 17. Ngf3 {[%emt 0:00:18]} Nxe3 {[%emt 0:00:12]} 18. fxe3 {[%emt 0:00:02]} e5 {[%emt 0:00:06]} 19. Nc4 {[%emt 0:00:14]} e4 {[%emt 0:00:07]} 20. Nfd2 {[%emt 0:00:14]} d5 {[%emt 0:00:13]} 21. Nb2 {[%emt 0:00:25]} Nd6 {[%emt 0:00:11]} 22. Na4 {[%emt 0:00:08]} Nf5 {[%emt 0:00:05]} 23. Kf2 {[%emt 0:00:16]} Qg5 {[%emt 0:00:03] Zeit Zeit Zeit (Lag: Av=0.69s, max=1.6s) (Lag: Av=0.69s, max=1.6s) (Lag: Av=0.69s, max=1.6s)} 0-1

[Event "Stay Safe Play From Home 407"]
[Site "Emanuel Lasker Arena"]
[Date "2020.08.24"]
[Round "2"]
[White "Greblah"]
[Black "Padmaesh M K"]
[Result "0-1"]
[WhiteElo "1965"]
[BlackElo "1828"]
[PlyCount "62"]
[EventDate "2020.08.24"]
[EventType "swiss (blitz)"]

1. e4 {[%emt 0:00:01]} c5 {[%emt 0:00:02]} 2. Nc3 {[%emt 0:00:02]} Nc6 {[%emt 0:00:03]} 3. g3 {[%emt 0:00:00]} e5 {[%emt 0:00:01]} 4. Bg2 {[%emt 0:00:00]} Be7 {[%emt 0:00:03]} 5. d3 {[%emt 0:00:00]} Nf6 {[%emt 0:00:01]} 6. Be3 {[%emt 0:00:00]} d6 {[%emt 0:00:01]} 7. h3 {[%emt 0:00:01]} O-O {[%emt 0:00:01]} 8. Nge2 {[%emt 0:00:02]} Be6 {[%emt 0:00:00]} 9. O-O {[%emt 0:00:00]} Qd7 {[%emt 0:00:04]} 10. Kh2 {[%emt 0:00:03]} d5 {[%emt 0:00:01]} 11. Bg5 {[%emt 0:00:02]} d4 {[%emt 0:00:06]} 12. Bxf6 {[%emt 0:00:01]} Bxf6 {[%emt 0:00:01]} 13. Nb1 {[%emt 0:00:04]} g5 {[%emt 0:00:06]} 14. Nd2 {[%emt 0:00:06]} Kh8 {[%emt 0:00:02]} 15. g4 {[%emt 0:00:03]} Ne7 {[%emt 0:00:06]} 16. Ng3 {[%emt 0:00:01]} Ng6 {[%emt 0:00:03]} 17. Nh5 {[%emt 0:00:01]} Bg7 {[%emt 0:00:02]} 18. Nf3 {[%emt 0:00:04]} Nf4 {[%emt 0:00:02]} 19. Nxg5 {[%emt 0:00:09]} Nxh5 {[%emt 0:00:07]} 20. Nxe6 {[%emt 0:00:01]} Qxe6 {[%emt 0:00:04]} 21. gxh5 {[%emt 0:00:01]} Rg8 {[%emt 0:00:01]} 22. Qg4 {[%emt 0:00:03]} Qe7 {[%emt 0:00:03]} 23. Qf5 {[%emt 0:00:04]} Bh6 {[%emt 0:00:04]} 24. c3 {[%emt 0:00:21]} Bf4+ {[%emt 0:00:03]} 25. Kh1 {[%emt 0:00:01]} Rg5 {[%emt 0:00:04]} 26. cxd4 {[%emt 0:00:04]} Rxf5 {[%emt 0:00:04]} 27. exf5 {[%emt 0:00:01]} cxd4 {[%emt 0:00:02]} 28. Bf3 {[%emt 0:00:11]} Qh4 {[%emt 0:00:05]} 29. Bg4 {[%emt 0:00:01]} Rg8 {[%emt 0:00:03]} 30. Rae1 {[%emt 0:00:07]} Rxg4 {[%emt 0:00:02]} 31. f3 {[%emt 0:00:08]} Qxh3# {[%emt 0:00:02] (Lag: Av=0.35s, max=0.5s) (Lag: Av=0.35s, max=0.5s) (Lag: Av=0.35s, max=0.5s)} 0-1

[Event "Stay Safe Play From Home 407"]
[Site "Emanuel Lasker Arena"]
[Date "2020.08.24"]
[Round "2"]
[White "AgentsofShield"]
[Black "Hickey"]
[Result "0-1"]
[WhiteElo "1907"]
[BlackElo "2163"]
[PlyCount "92"]
[EventDate "2020.08.24"]
[EventType "swiss (blitz)"]

1. e4 {[%emt 0:00:02]} c6 {[%emt 0:00:01]} 2. d4 {[%emt 0:00:05]} d5 {[%emt 0:00:00]} 3. exd5 {[%emt 0:00:05]} cxd5 {[%emt 0:00:00]} 4. Bd3 {[%emt 0:00:01]} Nc6 {[%emt 0:00:02]} 5. c3 {[%emt 0:00:00]} Nf6 {[%emt 0:00:00]} 6. Ne2 {[%emt 0:00:00]} Bg4 {[%emt 0:00:03]} 7. O-O {[%emt 0:00:04]} Bh5 {[%emt 0:00:01]} 8. Qa4 {[%emt 0:00:05]} Bg6 {[%emt 0:00:05]} 9. Bb5 {[%emt 0:00:02]} e6 {[%emt 0:00:04] Hickey offers a draw} 10. Bxc6+ {[%emt 0:00:05]} bxc6 {[%emt 0:00:04]} 11. Qxc6+ {[%emt 0:00:00]} Ke7 {[%emt 0:00:01]} 12. b3 {[%emt 0:00:05]} Qc8 {[%emt 0:00:08]} 13. Ba3+ {[%emt 0:00:07]} Kd8 {[%emt 0:00:04]} 14. Qa4 {[%emt 0:00:07]} Qd7 {[%emt 0:00:10]} 15. Qa5+ {[%emt 0:00:05]} Qc7 {[%emt 0:00:03]} 16. Qxc7+ {[%emt 0:00:04]} Kxc7 {[%emt 0:00:00]} 17. Bxf8 {[%emt 0:00:00]} Rhxf8 {[%emt 0:00:00]} 18. Na3 {[%emt 0:00:00]} Rfc8 {[%emt 0:00:07]} 19. Ng3 {[%emt 0:00:03]} Kd7 {[%emt 0:00:03]} 20. Rfc1 {[%emt 0:00:01]} Ke7 {[%emt 0:00:17]} 21. f3 {[%emt 0:00:02]} Rc6 {[%emt 0:00:02]} 22. Ne2 {[%emt 0:00:03]} Rac8 {[%emt 0:00:04]} 23. Nb5 {[%emt 0:00:01]} Rb8 {[%emt 0:00:31]} 24. Na3 {[%emt 0:00:18]} Rbc8 {[%emt 0:00:02]} 25. Kf2 {[%emt 0:00:10]} Bd3 {[%emt 0:00:02]} 26. Nb1 {[%emt 0:00:01]} Ne8 {[%emt 0:00:03]} 27. Ke3 {[%emt 0:00:01]} Ba6 {[%emt 0:00:02]} 28. a4 {[%emt 0:00:07]} Nd6 {[%emt 0:00:01]} 29. Kd2 {[%emt 0:00:04]} h5 {[%emt 0:00:07]} 30. Nf4 {[%emt 0:00:04]} h4 {[%emt 0:00:06]} 31. Re1 {[%emt 0:00:12]} Kf6 {[%emt 0:00:04]} 32. Ra2 {[%emt 0:00:02]} g5 {[%emt 0:00:01]} 33. Nd3 {[%emt 0:00:02]} Nf5 {[%emt 0:00:02]} 34. Nf2 {[%emt 0:00:01]} Kg6 {[%emt 0:00:06]} 35. Rb2 {[%emt 0:00:14]} f6 {[%emt 0:00:02]} 36. b4 {[%emt 0:00:04]} Bc4 {[%emt 0:00:04]} 37. b5 {[%emt 0:00:03]} Rd6 {[%emt 0:00:05]} 38. Na3 {[%emt 0:00:02]} Kf7 {[%emt 0:00:02]} 39. Nc2 {[%emt 0:00:02]} a6 {[%emt 0:00:02]} 40. bxa6 {[%emt 0:00:21]} Rxa6 {[%emt 0:00:00]} 41. Rb7+ {[%emt 0:00:01]} Kg6 {[%emt 0:00:02]} 42. a5 {[%emt 0:00:03]} Rcc6 {[%emt 0:00:02]} 43. Nb4 {[%emt 0:00:00]} Rd6 {[%emt 0:00:04]} 44. Nxa6 {[%emt 0:00:01]} Rxa6 {[%emt 0:00:00]} 45. Rb6 {[%emt 0:00:00]} Rxa5 {[%emt 0:00:00]} 46. Nd1 {[%emt 0:00:02]} Ng7 {[%emt 0:00:01] Time Time Time (Lag: Av=0.80s, max=1.3s) (Lag: Av=0.80s, max=1.3s) (Lag: Av=0.80s, max=1.3s) . . .} 0-1

[Event "Stay Safe Play From Home 407"]
[Site "Emanuel Lasker Arena"]
[Date "2020.08.24"]
[Round "2"]
[White "Dukic"]
[Black "Lucknow"]
[Result "0-1"]
[WhiteElo "1814"]
[BlackElo "1965"]
[PlyCount "100"]
[EventDate "2020.08.24"]
[EventType "swiss (blitz)"]

1. c4 {[%emt 0:00:04]} e5 {[%emt 0:00:02]} 2. Nc3 {[%emt 0:00:00]} Nf6 {[%emt 0:00:01]} 3. Nf3 {[%emt 0:00:00]} Nc6 {[%emt 0:00:02]} 4. e3 {[%emt 0:00:01]} d5 {[%emt 0:00:01]} 5. d4 {[%emt 0:00:01]} exd4 {[%emt 0:00:03]} 6. exd4 {[%emt 0:00:01]} Be7 {[%emt 0:00:02]} 7. c5 {[%emt 0:00:06]} O-O {[%emt 0:00:02]} 8. Be2 {[%emt 0:00:01]} Re8 {[%emt 0:00:02]} 9. O-O {[%emt 0:00:01]} Bg4 {[%emt 0:00:01]} 10. h3 {[%emt 0:00:02]} Bh5 {[%emt 0:00:02]} 11. Bf4 {[%emt 0:00:01]} a6 {[%emt 0:00:03]} 12. a3 {[%emt 0:00:03]} b6 {[%emt 0:00:05]} 13. b4 {[%emt 0:00:05]} Rc8 {[%emt 0:00:03]} 14. Qa4 {[%emt 0:00:03]} Nb8 {[%emt 0:00:06]} 15. Rfe1 {[%emt 0:00:03]} b5 {[%emt 0:00:11]} 16. Qb3 {[%emt 0:00:05]} c6 {[%emt 0:00:04]} 17. Ne5 {[%emt 0:00:06]} Bxe2 {[%emt 0:00:04]} 18. Rxe2 {[%emt 0:00:01]} Nfd7 {[%emt 0:00:03]} 19. Rae1 {[%emt 0:00:08]} Nxe5 {[%emt 0:00:02]} 20. Rxe5 {[%emt 0:00:02]} Qd7 {[%emt 0:00:02]} 21. Qd1 {[%emt 0:00:08]} Bf6 {[%emt 0:00:01]} 22. R5e2 {[%emt 0:00:13]} Rxe2 {[%emt 0:00:16]} 23. Rxe2 {[%emt 0:00:03]} Re8 {[%emt 0:00:04]} 24. Re3 {[%emt 0:00:20]} Rxe3 {[%emt 0:00:04]} 25. fxe3 {[%emt 0:00:04]} Qe8 {[%emt 0:00:06]} 26. Qd3 {[%emt 0:00:03]} Nd7 {[%emt 0:00:02]} 27. e4 {[%emt 0:00:11]} dxe4 {[%emt 0:00:05]} 28. Nxe4 {[%emt 0:00:01]} Qe6 {[%emt 0:00:06]} 29. Nxf6+ {[%emt 0:00:07]} Nxf6 {[%emt 0:00:01]} 30. Be5 {[%emt 0:00:05]} Nd7 {[%emt 0:00:08]} 31. Bg3 {[%emt 0:00:13]} g6 {[%emt 0:00:04]} 32. Kh2 {[%emt 0:00:01]} f6 {[%emt 0:00:12]} 33. Qd2 {[%emt 0:00:07]} Kf7 {[%emt 0:00:05]} 34. Qf4 {[%emt 0:00:02]} g5 {[%emt 0:00:09]} 35. Qc7 {[%emt 0:00:02]} Kg6 {[%emt 0:00:01]} 36. Bd6 {[%emt 0:00:03]} Kf5 {[%emt 0:00:14]} 37. Qxc6 {[%emt 0:00:02]} h5 {[%emt 0:00:08]} 38. Qxa6 {[%emt 0:00:06]} g4 {[%emt 0:00:02]} 39. h4 {[%emt 0:00:03]} Kg6 {[%emt 0:00:05]} 40. Qxb5 {[%emt 0:00:02]} f5 {[%emt 0:00:00]} 41. Qd3 {[%emt 0:00:02]} Nf6 {[%emt 0:00:00]} 42. Be5 {[%emt 0:00:02]} Ne4 {[%emt 0:00:00]} 43. Qe3 {[%emt 0:00:01]} Qa2 {[%emt 0:00:03]} 44. Qd3 {[%emt 0:00:01]} Kf7 {[%emt 0:00:00]} 45. d5 {[%emt 0:00:01]} Ke7 {[%emt 0:00:01]} 46. d6+ {[%emt 0:00:01]} Kd7 {[%emt 0:00:00]} 47. Qb5+ {[%emt 0:00:01]} Kd8 {[%emt 0:00:02]} 48. Qb6+ {[%emt 0:00:01]} Ke8 {[%emt 0:00:00]} 49. Qb8+ {[%emt 0:00:01]} Kf7 {[%emt 0:00:00]} 50. Qc7+ {[%emt 0:00:00]} Kg6 {[%emt 0:00:00] Zeit Zeit Zeit (Lag: Av=0.43s, max=0.9s) (Lag: Av=0.43s, max=0.9s) (Lag: Av=0.43s, max=0.9s)} 0-1

[Event "Stay Safe Play From Home 407"]
[Site "Emanuel Lasker Arena"]
[Date "2020.08.24"]
[Round "2"]
[White "Klasman"]
[Black "Ionelluca"]
[Result "0-1"]
[WhiteElo "1515"]
[BlackElo "2019"]
[PlyCount "48"]
[EventDate "2020.08.24"]
[EventType "swiss (blitz)"]

1. f4 {[%emt 0:00:05]} e5 {[%emt 0:00:04]} 2. fxe5 {[%emt 0:00:02]} d6 {[%emt 0:00:01]} 3. Nf3 {[%emt 0:00:01]} dxe5 {[%emt 0:00:02]} 4. e4 {[%emt 0:00:01]} f5 {[%emt 0:00:04]} 5. Bc4 {[%emt 0:00:10]} fxe4 {[%emt 0:00:01]} 6. Nxe5 {[%emt 0:00:06]} Nf6 {[%emt 0:00:07]} 7. Nf7 {[%emt 0:00:09]} Qd4 {[%emt 0:00:02]} 8. Nxh8 {[%emt 0:00:17]} Qxc4 {[%emt 0:00:02]} 9. Nc3 {[%emt 0:00:11]} Bg4 {[%emt 0:00:03]} 10. Ne2 {[%emt 0:00:06]} Bc5 {[%emt 0:00:09]} 11. d3 {[%emt 0:00:02]} Qe6 {[%emt 0:00:13]} 12. d4 {[%emt 0:00:07]} Be7 {[%emt 0:00:08]} 13. h3 {[%emt 0:00:12]} Bxe2 {[%emt 0:00:21]} 14. Qxe2 {[%emt 0:00:02]} Nc6 {[%emt 0:00:01]} 15. O-O {[%emt 0:00:18]} O-O-O {[%emt 0:00:02]} 16. Nf7 {[%emt 0:00:24]} Qxf7 {[%emt 0:00:05]} 17. Qxe4 {[%emt 0:00:01]} Rxd4 {[%emt 0:00:05]} 18. Qf5+ {[%emt 0:00:09]} Kb8 {[%emt 0:00:02]} 19. Bg5 {[%emt 0:00:08]} Rd5 {[%emt 0:00:05]} 20. Qf4 {[%emt 0:00:20]} Qg6 {[%emt 0:00:37]} 21. Bxf6 {[%emt 0:00:02]} Bxf6 {[%emt 0:00:02]} 22. Rad1 {[%emt 0:00:02]} Nd4 {[%emt 0:00:04]} 23. Kh1 {[%emt 0:00:05]} a6 {[%emt 0:00:03]} 24. c3 {[%emt 0:00:01]} Ne2 {[%emt 0:00:02] Time Time Time (Lag: Av=0.58s, max=1.5s) (Lag: Av=0.58s, max=1.5s) (Lag: Av=0.58s, max=1.5s)} 0-1